Kästner, H.: Phonetik und Phonologie des modernen Hocharabisch (Phonetics and Phonology of Modem Written Arabic)

Bibliographic Details
Main Author: Drozdík, Ladislav, 1930-2017 (Author)
Format: Article
Language:English

MARC

LEADER 00000nab a2200000ua 4500
001 vtls010839416
003 SK-MaSNL
005 20260303144211.0
008 230222s1983 xo |||||||||||||||||eng|
035 |a (urnnbn)urn:nbn:sk:snk:ar-a06wn8 
035 |a urn:nbn:sk:snk-ab62fu 
035 |a (uuid)b7886298-53e1-4042-a182-0eb28d766cff 
040 |a SNKBUCL  |b slo  |c SNKBUCL  |e AACR2 
041 0 |a eng 
044 |a xo  |c SK 
100 1 |a Drozdík, Ladislav,  |d 1930-2017  |4 aut  |9 224887 
245 1 0 |a Kästner, H.: Phonetik und Phonologie des modernen Hocharabisch (Phonetics and Phonology of Modem Written Arabic)  |c Drozdík Ladislav 
773 0 |t Asian and African studies  |g Roč. 19, č. 1 (1983), s. 277-279 
958 |a OND 
958 |a EUIPO 
958 |a article5 
999 |c 1995431  |d 1997361